[Event "XXVII MISTRZOSTWA WOJEWÓDZTWA PODLASKIEGO JUNIOREK DO LAT 14 - D14"]
[Site "Białystok, Poland"]
[Date "2025.05.30"]
[Round "3.3"]
[White "Panasiewicz, Natalia"]
[Black "Racis, Weronika"]
[Result "0-1"]
[WhiteElo "1431"]
[BlackElo "1771"]

1. d4 {[%clk 00:30:58]} Nf6 {[%clk 00:30:09]} {[%emt 00:00:52]} 2. Nf3 {[%clk
00:31:22]} {[%emt 00:00:06]} c5 {[%clk 00:30:26]} {[%emt 00:00:13]} 3. d5
{[%clk 00:31:48]} {[%emt 00:00:04]} e6 {[%clk 00:30:46]} {[%emt 00:00:10]} 4.
c4 {[%clk 00:32:01]} {[%emt 00:00:17]} exd5 {[%clk 00:31:10]} {[%emt 00:00:06]}
5. cxd5 {[%clk 00:32:27]} {[%emt 00:00:05]} d6 {[%clk 00:31:30]} {[%emt
00:00:10]} 6. Nc3 {[%clk 00:32:20]} {[%emt 00:00:36]} g6 {[%clk 00:31:24]}
{[%emt 00:00:36]} 7. Bg5 {[%clk 00:31:12]} {[%emt 00:01:37]} Bg7 {[%clk
00:31:27]} {[%emt 00:00:27]} 8. e4 {[%clk 00:29:27]} {[%emt 00:02:15]} O-O
{[%clk 00:28:43]} {[%emt 00:03:14]} 9. Be2 {[%clk 00:25:03]} {[%emt 00:04:54]}
Bg4 {[%clk 00:28:56]} {[%emt 00:00:17]} 10. h3 {[%clk 00:25:22]} {[%emt
00:00:12]} Bxf3 {[%clk 00:29:20]} {[%emt 00:00:05]} 11. Bxf3 {[%clk 00:25:49]}
{[%emt 00:00:03]} a6 {[%clk 00:28:46]} {[%emt 00:01:04]} 12. O-O {[%clk
00:25:22]} {[%emt 00:00:57]} b5 {[%clk 00:28:43]} {[%emt 00:00:32]} 13. a3
{[%clk 00:23:10]} {[%emt 00:02:43]} Qc7 {[%clk 00:26:56]} {[%emt 00:02:17]} 14.
Rc1 {[%clk 00:20:49]} {[%emt 00:02:51]} Nbd7 {[%clk 00:26:05]} {[%emt
00:01:21]} 15. b4 {[%clk 00:17:51]} {[%emt 00:03:27]} c4 {[%clk 00:16:27]}
{[%emt 00:10:08]} 16. Re1 {[%clk 00:15:49]} {[%emt 00:02:32]} Qb6 {[%clk
00:13:23]} {[%emt 00:03:33]} 17. Be3 {[%clk 00:09:44]} {[%emt 00:06:36]} Qb7
{[%clk 00:13:03]} {[%emt 00:00:51]} 18. Bd4 {[%clk 00:09:50]} {[%emt 00:00:23]}
Rfe8 {[%clk 00:12:13]} {[%emt 00:01:20]} 19. Rc2 {[%clk 00:08:55]} {[%emt
00:01:25]} Ne5 {[%clk 00:11:16]} {[%emt 00:01:27]} 20. Bxe5 {[%clk 00:08:50]}
{[%emt 00:00:35]} Rxe5 {[%clk 00:11:36]} {[%emt 00:00:11]} 21. Qd2 {[%clk
00:03:58]} {[%emt 00:05:21]} Nd7 {[%clk 00:10:32]} {[%emt 00:01:33]} 22. g4
{[%clk 00:02:17]} {[%emt 00:02:12]} Ree8 {[%clk 00:09:55]} {[%emt 00:01:07]} 23.
Bg2 {[%clk 00:02:30]} {[%emt 00:00:16]} Qb6 {[%clk 00:08:41]} {[%emt 00:01:44]}
24. Rd1 {[%clk 00:01:43]} {[%emt 00:01:18]} a5 {[%clk 00:06:57]} {[%emt
00:02:15]} 25. Rb2 {[%clk 00:01:06]} {[%emt 00:01:06]} axb4 {[%clk 00:04:02]}
{[%emt 00:03:25]} 26. axb4 {[%clk 00:01:34]} {[%emt 00:00:02]} Ra3 {[%clk
00:03:46]} {[%emt 00:00:43]} 27. Rc2 {[%clk 00:01:19]} {[%emt 00:00:48]} Ne5
{[%clk 00:02:41]} {[%emt 00:01:35]} 28. Rb1 {[%clk 00:00:53]} {[%emt 00:00:57]}
Rea8 {[%clk 00:02:11]} {[%emt 00:01:00]} 29. Kh2 {[%clk 00:00:43]} {[%emt
00:01:52]} Nd3 {[%clk 00:03:59]} {[%emt 00:00:37]} 30. Kg1 {[%clk 00:00:43]}
{[%emt 00:00:32]} Bxc3 {[%clk 00:00:47]} {[%emt 00:03:42]} 31. Rxc3 {[%clk
00:01:05]} {[%emt 00:00:09]} Rxc3 {[%clk 00:01:13]} {[%emt 00:00:04]} 32. Qxc3
{[%clk 00:01:33]} {[%emt 00:00:02]} Qxf2+ {[%clk 00:01:35]} {[%emt 00:00:08]}
33. Kh1 {[%clk 00:01:46]} {[%emt 00:00:16]} Ra2 {[%clk 00:00:36]} {[%emt
00:01:30]} 34. Rg1 {[%clk 00:01:25]} {[%emt 00:00:52]} Nf4 {[%clk 00:00:55]}
{[%emt 00:00:11]} 35. Qf3 {[%clk 00:01:44]} {[%emt 00:00:10]} Qxg2+ {[%clk
00:00:33]} {[%emt 00:00:52]} 36. Rxg2 {[%clk 00:02:05]} {[%emt 00:00:09]} Nxg2
{[%clk 00:00:47]} {[%emt 00:00:17]} 37. Qc3 {[%clk 00:01:41]} {[%emt 00:00:52]}
Nf4 {[%clk 00:00:45]} {[%emt 00:00:33]} 38. e5 {[%clk 00:01:19]} {[%emt
00:00:52]} Ne2 {[%clk 00:00:31]} {[%emt 00:00:44]} 39. Qe1 {[%clk 00:00:33]}
{[%emt 00:01:14]} dxe5 {[%clk 00:00:43]} {[%emt 00:00:20]} 40. d6 {[%clk
00:00:59]} {[%emt 00:00:05]} Kf8 {[%clk 00:00:50]} {[%emt 00:00:22]} 41. Qb1
{[%clk 00:00:46]} {[%emt 00:00:40]} Rd2 {[%clk 00:00:59]} {[%emt 00:00:19]} 42.
Qe1 {[%clk 00:01:06]} {[%emt 00:00:14]} c3 {[%clk 00:01:20]} {[%emt 00:00:10]}
43. d7 {[%clk 00:00:35]} {[%emt 00:01:01]} Ke7 {[%emt 00:00:52]} 0-1

[Event "XXVII MISTRZOSTWA WOJEWÓDZTWA PODLASKIEGO JUNIOREK DO LAT 14 - D14"]
[Site "Białystok, Poland"]
[Date "2025.05.31"]
[Round "4.1"]
[White "Wasilewska, Natalia"]
[Black "Panasiewicz, Natalia"]
[Result "1-0"]
[WhiteElo "1403"]
[BlackElo "1431"]

1. e4 {[%clk 00:30:58]} {[%emt 00:00:02]} e6 {[%clk 00:30:59]} {[%emt
00:00:01]} 2. d4 {[%clk 00:31:22]} {[%emt 00:00:06]} d5 {[%clk 00:31:20]}
{[%emt 00:00:09]} 3. Nc3 {[%clk 00:31:31]} {[%emt 00:00:21]} Bb4 {[%clk
00:31:13]} {[%emt 00:00:37]} 4. Bd3 {[%clk 00:31:20]} {[%emt 00:00:41]} dxe4
{[%clk 00:30:04]} {[%emt 00:01:38]} 5. Bxe4 {[%clk 00:31:44]} {[%emt 00:00:07]}
Nf6 {[%clk 00:30:27]} {[%emt 00:00:07]} 6. Bg5 {[%clk 00:31:09]} {[%emt
00:01:04]} h6 {[%clk 00:29:25]} {[%emt 00:01:31]} 7. Bxf6 {[%clk 00:31:13]}
{[%emt 00:00:27]} Qxf6 {[%clk 00:29:52]} {[%emt 00:00:03]} 8. Nge2 {[%clk
00:31:08]} {[%emt 00:00:34]} Nd7 {[%emt 00:02:25]} 9. O-O {[%clk 00:29:33]}
{[%emt 00:02:05]} c6 {[%clk 00:26:27]} {[%emt 00:02:01]} 10. Qd3 {[%clk
00:26:29]} {[%emt 00:03:29]} O-O {[%clk 00:21:54]} {[%emt 00:05:08]} 11. Rad1
{[%clk 00:24:23]} {[%emt 00:02:35]} Nb6 {[%clk 00:21:48]} {[%emt 00:00:36]} 12.
Qf3 {[%clk 00:22:11]} {[%emt 00:02:41]} Qxf3 {[%clk 00:21:28]} {[%emt
00:00:51]} 13. Bxf3 {[%clk 00:22:33]} {[%emt 00:00:08]} Bxc3 {[%clk 00:18:39]}
{[%emt 00:03:18]} 14. Nxc3 {[%clk 00:22:56]} {[%emt 00:00:08]} Nd5 {[%emt
00:00:06]} 15. Rfe1 {[%clk 00:21:19]} {[%emt 00:02:06]} Bd7 {[%clk 00:17:02]}
{[%emt 00:02:33]} 16. Bg4 {[%clk 00:19:05]} {[%emt 00:02:43]} a6 {[%clk
00:13:38]} {[%emt 00:03:55]} 17. a3 {[%clk 00:14:44]} {[%emt 00:04:52]} g6
{[%clk 00:11:03]} {[%emt 00:03:04]} 18. Bh3 {[%clk 00:11:08]} {[%emt 00:04:06]}
f5 {[%clk 00:09:12]} {[%emt 00:02:21]} 19. g3 {[%clk 00:10:23]} {[%emt
00:01:16]} g5 {[%clk 00:08:49]} {[%emt 00:00:52]} 20. Re2 {[%clk 00:08:18]}
{[%emt 00:02:34]} Rfe8 {[%clk 00:08:30]} {[%emt 00:00:50]} 21. Rde1 {[%clk
00:08:22]} {[%emt 00:00:26]} g4 {[%clk 00:08:28]} {[%emt 00:00:32]} 22. Bg2
{[%clk 00:08:36]} {[%emt 00:00:15]} Kf7 {[%clk 00:07:49]} {[%emt 00:01:10]} 23.
Na4 {[%clk 00:07:56]} {[%emt 00:01:08]} Rad8 {[%clk 00:05:27]} {[%emt
00:02:53]} 24. Nc5 {[%clk 00:07:22]} {[%emt 00:01:04]} Bc8 {[%clk 00:05:49]}
{[%emt 00:00:09]} 25. c3 {[%clk 00:06:07]} {[%emt 00:01:45]} b6 {[%clk
00:04:42]} {[%emt 00:01:37]} 26. Nd3 {[%clk 00:05:51]} {[%emt 00:00:45]} Kf6
{[%clk 00:02:34]} {[%emt 00:02:40]} 27. Ne5 {[%clk 00:03:54]} {[%emt 00:02:26]}
Bb7 {[%clk 00:02:04]} {[%emt 00:01:00]} 28. Bxd5 {[%clk 00:02:48]} {[%emt
00:01:36]} exd5 {[%clk 00:01:48]} {[%emt 00:00:47]} 29. Nxg4+ {[%clk 00:02:30]}
{[%emt 00:00:47]} fxg4 {[%clk 00:00:49]} {[%emt 00:01:29]} 30. Rxe8 {[%clk
00:02:52]} {[%emt 00:00:08]} Rd6 {[%clk 00:00:50]} {[%emt 00:00:29]} 31. R8e7
{[%clk 00:02:25]} {[%emt 00:00:57]} Bc8 {[%clk 00:01:06]} {[%emt 00:00:15]} 32.
Kg2 {[%clk 00:02:20]} {[%emt 00:00:34]} Bf5 {[%clk 00:00:46]} {[%emt 00:00:50]}
33. R7e3 {[%clk 00:02:18]} {[%emt 00:00:30]} h5 {[%emt 00:00:33]} 34. f3 {[%clk
00:02:13]} {[%emt 00:00:22]} c5 {[%clk 00:00:38]} {[%emt 00:00:50]} 35. fxg4
{[%emt 00:01:05]} hxg4 {[%emt 00:00:42]} 36. Rf1 {[%clk 00:01:29]} {[%emt
00:00:33]} Kg6 {[%emt 00:00:10]} 37. Rd1 {[%emt 00:00:23]} Be4+ {[%clk
00:01:11]} {[%emt 00:00:16]} 38. Kg1 {[%clk 00:01:42]} {[%emt 00:00:18]} Bf3
{[%emt 00:00:25]} 39. Rde1 {[%emt 00:00:12]} Be4 {[%clk 00:01:38]} {[%emt
00:00:10]} 40. dxc5 {[%clk 00:02:13]} {[%emt 00:00:14]} bxc5 {[%clk 00:02:05]}
{[%emt 00:00:03]} 41. Rd1 {[%emt 00:00:41]} Rb6 {[%emt 00:00:40]} 42. Rd2
{[%emt 00:00:51]} a5 {[%emt 00:00:15]} 43. c4 {[%clk 00:02:52]} {[%emt
00:00:10]} Rd6 {[%emt 00:00:20]} 44. cxd5 {[%clk 00:03:09]} {[%emt 00:00:02]}
Kf5 {[%emt 00:00:46]} 45. Rf2+ {[%clk 00:03:09]} {[%emt 00:00:25]} Ke5 {[%clk
00:01:53]} 46. Rfe2 {[%clk 00:03:09]} Rxd5 {[%clk 00:01:53]} 47. Rxe4+ {[%clk
00:03:25]} {[%emt 00:00:59]} Kf5 {[%emt 00:00:15]} 48. Rc4 {[%clk 00:03:46]}
{[%emt 00:00:05]} Rd1+ {[%clk 00:02:40]} {[%emt 00:00:24]} 49. Kg2 {[%clk
00:04:09]} {[%emt 00:00:07]} Rd5 {[%clk 00:03:06]} {[%emt 00:00:04]} 50. b4
{[%clk 00:04:13]} {[%emt 00:01:29]} 1-0

[Event "XXVII MISTRZOSTWA WOJEWÓDZTWA PODLASKIEGO JUNIOREK DO LAT 14 - D14"]
[Site "Białystok, Poland"]
[Date "2025.05.31"]
[Round "4.2"]
[White "Kaczan, Anna"]
[Black "Kolosza, Zuzanna"]
[Result "1-0"]
[WhiteElo "1494"]
[BlackElo "1503"]

1. e4 {[%clk 00:30:58]} {[%emt 00:00:01]} c5 {[%clk 00:30:55]} {[%emt
00:00:06]} 2. Nf3 {[%clk 00:31:22]} {[%emt 00:00:06]} e6 {[%clk 00:31:19]}
{[%emt 00:00:07]} 3. d4 {[%clk 00:31:46]} {[%emt 00:00:05]} cxd4 {[%clk
00:31:44]} {[%emt 00:00:04]} 4. Nxd4 {[%clk 00:32:07]} {[%emt 00:00:09]} Nc6
{[%clk 00:32:07]} {[%emt 00:00:08]} 5. Nc3 {[%clk 00:32:31]} {[%emt 00:00:06]}
Qc7 {[%clk 00:32:30]} {[%emt 00:00:07]} 6. Be3 {[%clk 00:32:50]} {[%emt
00:00:10]} a6 {[%clk 00:32:50]} {[%emt 00:00:10]} 7. Bd3 {[%clk 00:33:12]}
{[%emt 00:00:08]} Nf6 {[%clk 00:31:10]} {[%emt 00:02:11]} 8. O-O {[%clk
00:33:06]} {[%emt 00:00:36]} Bc5 {[%clk 00:27:05]} {[%emt 00:04:35]} 9. Nxe6
{[%clk 00:30:05]} {[%emt 00:03:31]} dxe6 {[%clk 00:27:15]} {[%emt 00:00:20]} 10.
Bxc5 {[%clk 00:30:27]} {[%emt 00:00:08]} Ne5 {[%clk 00:20:10]} {[%emt
00:07:35]} 11. Bb5+ {[%clk 00:24:10]} {[%emt 00:06:47]} axb5 {[%clk 00:16:16]}
{[%emt 00:04:24]} 12. Bd6 {[%clk 00:24:32]} {[%emt 00:00:07]} Qc6 {[%clk
00:11:29]} {[%emt 00:05:17]} 13. Bxe5 {[%clk 00:24:44]} {[%emt 00:00:19]} Nxe4
{[%clk 00:06:57]} {[%emt 00:05:02]} 14. Nxe4 {[%clk 00:21:05]} {[%emt
00:04:09]} Qxe4 {[%clk 00:06:35]} {[%emt 00:00:52]} 15. Re1 {[%clk 00:20:42]}
{[%emt 00:00:52]} Qg6 {[%clk 00:05:56]} {[%emt 00:01:10]} 16. Qd4 {[%clk
00:17:44]} {[%emt 00:03:23]} O-O {[%clk 00:04:33]} {[%emt 00:01:58]} 17. Re3
{[%clk 00:16:27]} {[%emt 00:01:44]} f6 {[%clk 00:03:39]} {[%emt 00:01:27]} 18.
Bd6 {[%clk 00:12:04]} {[%emt 00:04:50]} Rd8 {[%clk 00:03:36]} {[%emt 00:00:35]}
19. Qb6 {[%clk 00:11:36]} {[%emt 00:00:53]} Qe8 {[%clk 00:02:14]} {[%emt
00:01:58]} 20. Qc5 {[%clk 00:06:38]} {[%emt 00:05:23]} Qc6 {[%clk 00:01:40]}
{[%emt 00:01:09]} 21. Qxc6 {[%clk 00:06:23]} {[%emt 00:00:45]} bxc6 {[%clk
00:02:04]} {[%emt 00:00:06]} 22. Bc5 {[%clk 00:06:27]} {[%emt 00:00:25]} e5
{[%clk 00:01:40]} {[%emt 00:00:56]} 23. a3 {[%clk 00:06:31]} {[%emt 00:00:24]}
Rd2 {[%clk 00:00:46]} {[%emt 00:01:24]} 24. Rc3 {[%clk 00:06:02]} {[%emt
00:00:55]} Bf5 {[%clk 00:00:53]} {[%emt 00:00:27]} 25. Rc1 {[%clk 00:05:47]}
{[%emt 00:00:45]} Rad8 {[%clk 00:01:10]} {[%emt 00:00:13]} 26. h3 {[%clk
00:04:51]} {[%emt 00:01:25]} Rd1+ {[%clk 00:01:36]} {[%emt 00:00:04]} 27. Rxd1
{[%clk 00:05:13]} {[%emt 00:00:08]} Rxd1+ {[%clk 00:02:05]} {[%emt 00:00:02]}
28. Kh2 {[%clk 00:05:29]} {[%emt 00:00:13]} Rd2 {[%clk 00:02:17]} {[%emt
00:00:18]} 29. g4 {[%clk 00:05:12]} {[%emt 00:00:46]} Bg6 {[%clk 00:01:12]}
{[%emt 00:01:36]} 30. Be3 {[%clk 00:04:47]} {[%emt 00:00:55]} Rxc2 {[%clk
00:01:38]} {[%emt 00:00:05]} 31. Rxc2 {[%clk 00:05:11]} {[%emt 00:00:06]} Bxc2
{[%clk 00:02:03]} {[%emt 00:00:05]} 32. b4 {[%clk 00:05:27]} {[%emt 00:00:14]}
Kf7 {[%clk 00:02:19]} {[%emt 00:00:14]} 33. Kg3 {[%clk 00:05:31]} {[%emt
00:00:24]} Ke6 {[%clk 00:02:24]} {[%emt 00:00:27]} 34. f3 {[%clk 00:05:29]}
{[%emt 00:00:32]} f5 {[%clk 00:01:10]} {[%emt 00:01:44]} 35. gxf5+ {[%clk
00:05:10]} {[%emt 00:00:48]} Kxf5 {[%clk 00:01:13]} {[%emt 00:00:28]} 36. h4
{[%clk 00:05:05]} {[%emt 00:00:35]} h5 {[%clk 00:01:17]} {[%emt 00:00:25]} 37.
Bd2 {[%clk 00:04:56]} {[%emt 00:00:38]} g6 {[%clk 00:01:25]} {[%emt 00:00:24]}
38. Be3 {[%clk 00:05:05]} {[%emt 00:00:21]} e4 {[%clk 00:00:39]} {[%emt
00:01:15]} 39. fxe4+ {[%clk 00:04:58]} {[%emt 00:00:39]} Kxe4 {[%clk 00:00:58]}
{[%emt 00:00:11]} 40. Kf2 {[%clk 00:05:03]} {[%emt 00:00:21]} Kd3 {[%clk
00:00:42]} {[%emt 00:00:48]} 41. Bc1 {[%clk 00:04:11]} {[%emt 00:01:22]} Kc3
{[%clk 00:00:00]} {[%emt 00:00:42]} 1-0

[Event "XXVII MISTRZOSTWA WOJEWÓDZTWA PODLASKIEGO JUNIOREK DO LAT 14 - D14"]
[Site "Białystok, Poland"]
[Date "2025.05.31"]
[Round "5.1"]
[White "Kolosza, Zuzanna"]
[Black "Barszczewska, Nadia"]
[Result "1-0"]
[WhiteElo "1503"]
[BlackElo "1429"]

1. e4 {[%clk 00:30:59]} e5 {[%clk 00:30:52]} {[%emt 00:00:09]} 2. Nf3 {[%clk
00:31:25]} {[%emt 00:00:04]} Nc6 {[%emt 00:00:22]} 3. d4 {[%clk 00:31:49]} exd4
{[%clk 00:31:29]} {[%emt 00:00:07]} 4. Nxd4 {[%clk 00:32:14]} {[%emt 00:00:05]}
Nxd4 {[%emt 00:00:13]} 5. Qxd4 {[%clk 00:32:36]} {[%emt 00:00:07]} d6 {[%clk
00:31:39]} {[%emt 00:00:38]} 6. Bc4 {[%clk 00:31:55]} {[%emt 00:01:10]} Nf6
{[%clk 00:31:56]} {[%emt 00:00:13]} 7. O-O {[%clk 00:31:53]} {[%emt 00:00:32]}
Be7 {[%clk 00:32:14]} {[%emt 00:00:12]} 8. Bg5 {[%clk 00:29:13]} {[%emt
00:03:10]} h6 {[%clk 00:32:35]} {[%emt 00:00:10]} 9. Bh4 {[%clk 00:29:13]}
{[%emt 00:00:28]} O-O {[%clk 00:32:56]} {[%emt 00:00:10]} 10. Re1 {[%clk
00:27:20]} {[%emt 00:02:23]} b6 {[%clk 00:33:01]} {[%emt 00:00:25]} 11. e5
{[%clk 00:22:31]} {[%emt 00:05:20]} dxe5 {[%clk 00:32:22]} {[%emt 00:01:09]} 12.
Qxe5 {[%clk 00:22:02]} {[%emt 00:00:58]} Bd6 {[%clk 00:31:33]} {[%emt
00:01:18]} 13. Qc3 {[%clk 00:12:24]} {[%emt 00:10:09]} Be7 {[%clk 00:23:17]}
{[%emt 00:08:46]} 14. Qf3 {[%clk 00:10:59]} {[%emt 00:01:55]} Rb8 {[%clk
00:23:08]} {[%emt 00:00:40]} 15. Nc3 {[%clk 00:10:03]} {[%emt 00:01:26]} Bb7
{[%clk 00:23:20]} {[%emt 00:00:17]} 16. Qd3 {[%clk 00:05:30]} {[%emt 00:05:03]}
Qxd3 {[%clk 00:23:23]} {[%emt 00:00:27]} 17. Bxd3 {[%clk 00:05:55]} {[%emt
00:00:05]} Bb4 {[%clk 00:23:14]} {[%emt 00:00:38]} 18. Bxf6 {[%clk 00:05:37]}
{[%emt 00:00:49]} gxf6 {[%clk 00:23:35]} {[%emt 00:00:09]} 19. Re3 {[%clk
00:04:05]} {[%emt 00:02:01]} Bxc3 {[%clk 00:23:45]} {[%emt 00:00:21]} 20. bxc3
{[%clk 00:04:34]} {[%emt 00:00:02]} Rfe8 {[%clk 00:23:35]} {[%emt 00:00:39]} 21.
Rae1 {[%clk 00:04:50]} {[%emt 00:00:14]} Kf8 {[%clk 00:23:56]} {[%emt
00:00:09]} 22. h3 {[%clk 00:04:02]} {[%emt 00:01:18]} Rxe3 {[%clk 00:24:21]}
{[%emt 00:00:05]} 23. Rxe3 {[%clk 00:04:25]} {[%emt 00:00:06]} Re8 {[%clk
00:24:42]} {[%emt 00:00:08]} 24. Rxe8+ {[%clk 00:04:32]} {[%emt 00:00:24]} Kxe8
{[%clk 00:25:06]} {[%emt 00:00:06]} 25. f4 {[%clk 00:04:38]} {[%emt 00:00:23]}
Bd5 {[%clk 00:25:28]} {[%emt 00:00:08]} 26. a3 {[%clk 00:04:58]} {[%emt
00:00:12]} Ke7 {[%clk 00:25:48]} {[%emt 00:00:10]} 27. Kf2 {[%clk 00:05:20]}
{[%emt 00:00:07]} Kd6 {[%emt 00:00:08]} 28. c4 {[%clk 00:04:45]} {[%emt
00:01:03]} Be6 {[%clk 00:26:36]} {[%emt 00:00:06]} 29. f5 {[%clk 00:04:12]}
{[%emt 00:01:04]} Bd7 {[%clk 00:26:53]} 30. g4 {[%clk 00:02:20]} {[%emt
00:02:34]} Ke5 {[%emt 00:00:46]} 31. Ke3 c6 32. c3 a6 {[%clk 00:26:00]} 33. Bc2
{[%clk 00:01:28]} {[%emt 00:04:13]} c5 {[%clk 00:26:04]} 34. Be4 {[%emt
00:00:24]} Ba4 35. Bd5 Be8 36. Kf3 {[%clk 00:01:47]} Kd6 {[%clk 00:26:24]} 37.
Ke3 {[%clk 00:01:39]} {[%emt 00:00:48]} a5 {[%emt 00:01:37]} 38. Kf4 {[%clk
00:01:36]} {[%emt 00:00:36]} Ke7 {[%clk 00:26:12]} {[%emt 00:00:32]} 39. h4
{[%clk 00:01:32]} {[%emt 00:00:33]} Bd7 {[%emt 00:01:08]} 40. Ke4 {[%clk
00:01:17]} {[%emt 00:00:38]} Be8 {[%clk 00:25:52]} {[%emt 00:00:19]} 41. Bb7
{[%clk 00:01:12]} {[%emt 00:00:34]} Kd6 {[%clk 00:26:03]} {[%emt 00:00:20]} 42.
Ba8 {[%clk 00:01:20]} {[%emt 00:00:21]} Bc6+ {[%clk 00:25:32]} {[%emt
00:01:01]} 43. Bxc6 {[%clk 00:01:44]} {[%emt 00:00:06]} Kxc6 {[%clk 00:25:56]}
{[%emt 00:00:07]} 44. a4 {[%clk 00:02:01]} {[%emt 00:00:13]} Kd6 {[%emt
00:00:18]} 45. Kf4 {[%emt 00:00:27]} Ke7 {[%clk 00:26:15]} {[%emt 00:00:02]} 46.
g5 {[%clk 00:02:33]} {[%emt 00:00:20]} hxg5+ {[%clk 00:26:40]} {[%emt
00:00:05]} 47. hxg5 {[%clk 00:02:59]} {[%emt 00:00:04]} fxg5+ {[%clk 00:27:07]}
{[%emt 00:00:04]} 48. Kxg5 {[%clk 00:03:19]} {[%emt 00:00:09]} Kf8 {[%clk
00:26:36]} {[%emt 00:00:54]} 49. f6 {[%clk 00:03:37]} {[%emt 00:00:18]} Ke8
{[%clk 00:26:58]} {[%emt 00:00:09]} 50. Kh6 {[%clk 00:03:07]} {[%emt 00:01:00]}
Kd7 {[%clk 00:26:57]} {[%emt 00:00:32]} 51. Kh7 {[%clk 00:02:54]} {[%emt
00:00:43]} Kd6 {[%clk 00:26:56]} {[%emt 00:00:31]} 52. Kg8 {[%clk 00:03:13]}
{[%emt 00:00:10]} Ke6 {[%emt 00:00:16]} 53. Kg7 {[%clk 00:03:37]} {[%emt
00:00:05]} Kd7 54. Kxf7 {[%clk 00:04:03]} Kd8 {[%clk 00:25:08]} {[%emt
00:00:09]} 55. Ke6 {[%clk 00:03:46]} {[%emt 00:00:46]} Ke8 {[%clk 00:25:31]}
{[%emt 00:00:07]} 56. f7+ {[%clk 00:04:04]} {[%emt 00:00:12]} Kf8 {[%clk
00:25:46]} {[%emt 00:00:16]} 57. Kf6 {[%clk 00:03:42]} {[%emt 00:00:51]} b5
{[%clk 00:26:03]} {[%emt 00:00:14]} 58. cxb5 {[%clk 00:04:08]} {[%emt
00:00:04]} c4 {[%clk 00:26:29]} {[%emt 00:00:04]} 59. Ke6 {[%clk 00:04:30]}
{[%emt 00:00:07]} Kg7 {[%clk 00:26:51]} {[%emt 00:00:08]} 60. Ke7 {[%clk
00:04:55]} {[%emt 00:00:05]} Kg6 {[%emt 00:00:11]} 61. f8=Q {[%clk 00:05:17]}
{[%emt 00:00:05]} Kg5 {[%emt 00:00:08]} 62. Qf6+ {[%clk 00:05:33]} {[%emt
00:00:09]} Kg4 {[%clk 00:28:03]} {[%emt 00:00:09]} 63. b6 {[%clk 00:05:47]}
{[%emt 00:00:15]} Kg3 {[%clk 00:28:29]} {[%emt 00:00:05]} 64. b7 {[%clk
00:06:12]} {[%emt 00:00:05]} Kg4 {[%emt 00:00:09]} 65. b8=R {[%clk 00:06:33]}
{[%emt 00:00:03]} Kh3 {[%clk 00:29:40]} {[%emt 00:00:20]} 66. Rg8 {[%clk
00:06:51]} {[%emt 00:00:03]} 1-0